Tygers of wrath : poems of hate, anger, and invective /

Bibliographic Details
Other Authors: Kennedy, X. J.
Format: Book
Language:English
Published: Athens : University of Georgia Press, [1981]
Subjects:

MARC

Tag First Indicator Second Indicator Subfields
LEADER 00000pam a2200000 a 4500
001 in00000088835
005 20151008063255.0
008 800909s1981 gaua b 00100 engm
010 |a  80023212  
020 |a 0820305359 
035 |a (OCoLC)06762251 
035 |9 AAK1919AM 
040 |a DLC  |c DLC  |d m.c.  |d TXA  |d UtOrBLW 
049 |a TXAM  |c [1672491] 
050 0 0 |a PR1195.I58  |b T9 1981 
082 0 |a 821/.008/0353  |2 19 
245 0 0 |a Tygers of wrath :  |b poems of hate, anger, and invective /  |c collected & edited by X.J. Kennedy ; wood engravings by Michael McCurdy. 
264 1 |a Athens :  |b University of Georgia Press,  |c [1981] 
264 4 |c ©1981 
300 |a xxi, 282 pages :  |b illustrations ;  |c 24 cm. 
336 |a text  |b txt  |2 rdacontent 
337 |a unmediated  |b n  |2 rdamedia 
338 |a volume  |b nc  |2 rdacarrier 
504 |a Includes bibliographical references and index. 
650 0 |a Invective. 
650 0 |a English poetry. 
650 0 |a American poetry. 
700 1 |a Kennedy, X. J. 
740 0 |a Hate, anger, and invective. 
999 |a MARS 
999 f f |s e5077cb1-e6fe-3cbe-80a3-88bbd0b78c05  |i 23e3a981-535c-377e-acd0-2d0cb9190bf8  |t 0 
952 f f |p normal  |a Texas A&M University  |b College Station  |c Sterling C. Evans Library  |d Evans: Library Stacks  |t 0  |e PR1195.I58 T9 1981  |h Library of Congress classification  |i unmediated -- volume  |m A14806183609 
998 f f |a PR1195.I58 T9 1981  |t 0  |l Evans: Library Stacks